000 00191 a2200097 4500
020 _a9788491456179
041 _aspa
100 _aAaron Reynolds
245 _aEl lapicero Malefico
942 _cK
999 _c30772
_d30770